Fr. Conceicao Rodrigues College of Engineering

Instrumentation (Record no. 18403)

MARC details
000 -LEADER
fixed length control field 00310nam a2200145Ia 4500
082 ## - DEWEY DECIMAL CLASSIFICATION NUMBER
Classification number 620.0028
Item number KIR/RI
100 ## - MAIN ENTRY--PERSONAL NAME
Personal name Kirk/ Rimbos
245 ## - TITLE STATEMENT
Title Instrumentation
260 ## - PUBLICATION, DISTRIBUTION, ETC.
Name of publisher, distributor, etc. D.B.Taraporevala
Place of publication, distribution, etc. Bombay
Date of publication, distribution, etc. 1980
300 ## - PHYSICAL DESCRIPTION
Extent 296
546 ## - LANGUAGE NOTE
Language note ENGLISH
654 ## - SUBJECT ADDED ENTRY--FACETED TOPICAL TERMS
Focus term instrumentation
942 ## - ADDED ENTRY ELEMENTS (KOHA)
Koha item type BOOK
Holdings
Withdrawn status Lost status Damaged status Not for loan Collection Home library Current library Date acquired Source of acquisition Cost, normal purchase price Inventory number Total Checkouts Full call number Barcode Date last seen Cost, replacement price Price effective from Koha item type
        CRC Fr. Agnel's C.Rodrigues College of Engineering Fr. Agnel's C.Rodrigues College of Engineering 17/03/2023 global books 250.00 29   620.0028 KIR/RI 8234 17/03/2023 250.00 17/03/2023 BOOK